01373nam a2200337 a 4500001001200000003000800012006001900020007001500039008004100054010001700095020003600112020003600148040002100184035002100205043001200226050002600238082002000264100002100284245010300305260005800408300002400466504006600490533015200556650003600708650005400744651004800798655002900846710001700875856012600892999001701018ebr10273124CaPaEBRm u cr cn|||||||||020515s2003 enka sb 001 0 eng  z 2002071520 z0195154258 (cloth : alk. paper) z0195154266 (paper : alk. paper) aCaPaEBRcCaPaEBR a(OCoLC)252622807 aa-ii---14aDS485.R24bH38 2003eb04a306/.0954/42211 aHarlan, Lindsey.14aThe goddesses' henchmenh[electronic resource] :bgender in Indian hero worship /cLindsey Harlan. aOxford ;aNew York :bOxford University Press,c2003. axiv, 258 p. :bill. aIncludes bibliographical references (p. [231]-246) and index. aElectronic reproduction.bPalo Alto, Calif. :cebrary,d2013.nAvailable via World Wide Web.nAccess may be limited to ebrary affiliated libraries. 0aHero worshipzIndiazRajasthan. 0aNationalismzIndiazRajasthanxReligious aspects. 0aRajasthan (India)xSocial life and customs. 7aElectronic books.2local2 aebrary, Inc.40uhttp://site.ebrary.com/lib/rucke/Doc?id=10273124zAn electronic book accessible through the World Wide Web; click to view c21581d21581